000 00950nam a22002897a 4500
001 BR8103695
003 BR-BrBNA
005 20230928091002.0
007 ta
008 230509b bl.||||| |||| 00| 0 por d
040 _aBR-BrBNA
_bpor
_cBiblioteca Nacional de Agricultura
041 _a(Por)
072 _aA50; E15; E50
_b/G514
090 _ A50 BR8103695
110 1 _aFundacao Centro de Pesquisas Economicas e Sociais do Piaui, Teresina (Brasil)
245 1 _aCatalogo de publicacoes CEPRO 1973-1981 [Fundacao Centro de Pesquisas Economicas e Sociais do Piaui; Instituicao de pesquisa; Microeconomia; Sociologia rural; Bibliografia; Brasil]
260 3 _aTeresina, PI (Brasil):
_c1981.
300 _a28 p.
650 _aPesquisa
650 _aMicroeconomia
650 _aSociologia rural
650 _aInstituicao de pesquisa
650 _aBibliografia
650 _aPiaui
909 _a202309
_bLucia
_c55
_dLucia Elande
942 _cBK
999 _c31610
_d31610